000 01101cam a22003377a 4500
003 CHAP
005 20220329140447.0
008 971013s1972 r 00010 d
010 _a52308
011 _a53280
035 _a57430
040 _cCHAP
082 _a371.3
_bP66Y
100 0 0 _aPopham, W. James.
_990888
245 1 4 _aLos objetivos de la enseñanza
260 _aBuenos Aires :
_bPaidós,
_c1972
300 _a124 p.
490 0 _aBiblioteca del educador contemporáneo
_v; 32
590 _aBATCH-UPD
_b10
_c20130110
_lUCH01
_h0244
590 _aBATCH-UPD
_b10
_c20130110
_lUCH01
_h1801
590 _aBATCH-UPD
_b10
_c20130409
_lUCH01
_h2314
590 _aBATCH-UPD
_b10
_c20130914
_lUCH01
_h0524
590 _aCONVERSION
_b10
_c20130109
_lUCH01
_h1328
650 1 4 _aEnseñanza.
_937085
700 0 _aBaker, Eva L.
_99539
830 0 _aBiblioteca del educador contemporáneo
_v; 32
_912362
901 _aBK
942 _cLIBRO
949 _a371.3 P66Y
_bBC
_cLIBRO
_d33724000143202
_eLIBRO
_fc.3
_h69978
_i57430
_mD
_si
949 _a371.3 P66Y
_bBC
_cLIBRO
_d33724000143236
_eLIBRO
_h30952
_i57430
_mD
_si
999 _c52308
_d52308